| 000 | 00629nam a2200193 a 4500 | ||
|---|---|---|---|
| 005 | 20140310183344.0 | ||
| 008 | 070129s19uu xx 00 eng d | ||
| 020 | _a9780240807577 | ||
| 050 |
_aTK 5102 _b.R79 2006 |
||
| 100 | _aRutenbeck, Jeff | ||
| 245 |
_aTech terms : _bwhat every Telecommunications and Digital Media Professional schould know. / _cJeff Rutenbeck |
||
| 260 |
_aUnited States of America : _bElseviere Inc, _c2006. |
||
| 300 |
_a280 p. : _bill. ; _c24 cm. |
||
| 521 | _aMC | ||
| 650 |
_aTelecommunication _xDictionaries. |
||
| 650 |
_aDigital media _xDictionaries. |
||
| 942 |
_cBK _2lcc _kFOR |
||
| 999 |
_c21897 _d21897 |
||